| 000 | 00418nam a2200145Ia 4500 | ||
|---|---|---|---|
| 005 | 20251222152702.0 | ||
| 008 | 251222s9999||||xx |||||||||||||| ||spa|| | ||
| 020 | _a9789972234514 | ||
| 082 | _a343.8/A21 | ||
| 100 | _aStaff Tributario de la Revista Actualidad Empresarial | ||
| 245 | 0 | _aModificaciones Tributarias Aplicables para el Año 2010 | |
| 250 | _a1ra.ed. | ||
| 264 | _bPacifico Editores S.A. | ||
| 942 | _cLIB | ||
| 999 |
_c28872 _d28872 |
||